| 000 | 01431nam0a2200361 4500 | ||
|---|---|---|---|
| 001 | RU\NLR\bibl\401734 | ||
| 005 | 20030618103729.0 | ||
| 010 |
_a5-901352-14-9 _92000 |
||
| 021 |
_aRU _b2003-13390 _9617 |
||
| 035 | _a(NLR Aleph) 000395890 | ||
| 090 |
_a544675 _c544675 |
||
| 100 | _a20030523d2002 u y0rusy50 ca | ||
| 101 | 1 |
_arus _ceng |
|
| 102 | _aRU | ||
| 105 | _aa ||||||||| | ||
| 200 | 1 |
_aМарихуана _eМифы и факты _eПер. с англ. _fЛинн Циммер, Джон П. Морган |
|
| 210 |
_aМ. _cАнахарсис _d2002 |
||
| 215 |
_a159 с. _d22 |
||
| 300 | _aПер. изд.: Marijuana / Lynn Zimmer, John P. Morgan.- New York-San Francisco, 1997 | ||
| 300 | _aНа 114 с. авт.: Л. Циммер - проф. социол., Дж.П. Морган - врач, проф. фармакологии | ||
| 320 | _aБиблиогр.: с. 115-155 | ||
| 320 | _aАлф. указ.: с. 156-158 | ||
| 454 | 0 |
_12001#$aMarijuana$fLynn Zimmer, John P. Morgan _1210##$aNew York$aSan Francisco$d1997 _tMarijuana |
|
| 606 | 0 |
_aМарихуана _xВлияние на организм _91528049 _3RU\NLR\auth\66665070 |
|
| 686 | _aР284.91 | ||
| 700 | 1 |
_aЦиммер _bЛ. _gЛинн _4070 |
|
| 701 | 1 |
_aМорган _bД. П. _gДжон П. _4070 |
|
| 801 | 0 |
_aRU _bNLR _c20030523 _gPSBO |
|
| 801 | 1 |
_aRU _bNLR _c20030523 |
|
| 942 | _cBOOK | ||
| 980 | _aNB | ||
| 996 |
_aметка _bnar |
||